000 00681nam a2200217Ia 4500
003 GCL
008 140319s9999 xx 000 0 ara d
040 _aGCL /
_cGCL
082 0 4 _a221.133
_bع ت
100 1 _aعثمان عبدالسلام
245 1 0 _aالتفسير العصرى لاوائل حروف السور /
_cعثمان عبدالسلام
300 _a128 ص
490 _aالهيئة العامة للاستعلامات
_v0
650 0 4 _aالاسلام
650 0 4 _aالفقه الاسلامى
650 0 4 _aالقران - تفسير
650 0 4 _aالمصاحف
650 0 4 _aالقران - سور وايات
650 0 4 _aالقران
942 _2ddc
_cBK
999 _c47989
_d47989